000 00394nam a2200145Ia 4500
003 GCL
008 140319s9999 xx 000 0 ara d
040 _aGCL /
_cGCL
082 0 4 _aط
_b790
_bأ ف
100 1 _aاديب سلوى
245 1 0 _aالفانوس السحرى /
_cاديب سلوى
490 _aالباب واعمال تربوية
_v0
650 0 4 _aالاطفال
942 _2ddc
_cBK
999 _c42328
_d42328